| 000 | 00502nam a2200145 a 4500 | ||
|---|---|---|---|
| 008 | 120416s0000 ||||||||||||||||| || u | ||
| 020 | _a0844808725 | ||
| 050 | _aTR 810 Lo | ||
| 100 | _aLo, C. P | ||
| 245 | 1 | 0 | _aGeographical applications of aerial photography |
| 260 |
_aNew York _bCrane, Russak _c1976 |
||
| 300 | _a330p. : ill. | ||
| 350 | _a0.00 | ||
| 995 |
_D0.00 _FCBU-MAIN LIBRARY (Kitwe) _H1 _I8.95 _UAVAILABLE _ZAnnex Low-Usage Collection |
||
| 999 |
_c44455 _d44455 |
||